[Event "12.PSF-IM"]
[Site "Prague"]
[Date "2016.06.19"]
[Round "1.1"]
[White "Lyell, Mark"]
[Black "Vavra, Pavel"]
[Result "1-0"]
[WhiteElo "2252"]
[BlackElo "2366"]
[PlyCount "91"]
[EventDate "2016.06.25"]
[EventType "tourn"]
[EventRounds "9"]
[EventCountry "CZE"]
[EventCategory "3"]
[WhiteClock "0:32:00"]
[BlackClock "0:18:00"]

1. e4 e6 2. d4 d5 3. Nd2 Nf6 4. e5 Nfd7 5. Bd3 c5 6. c3 Nc6 7. Ne2 f6 8. Nf4
Qe7 9. exf6 Nxf6 10. Nf3 cxd4 11. cxd4 Qb4+ 12. Bd2 Qxb2 13. Rb1 Qa3 14. O-O
Be7 15. Rb3 Qd6 16. Re1 O-O 17. Bb1 Na5 18. Bxa5 Qxf4 19. Ne5 Ne4 20. Rf3 Qg5
21. Bxe4 dxe4 22. Bd2 exf3 23. Bxg5 Bxg5 24. Nxf3 Bf6 25. d5 Rd8 26. d6 Bd7 27.
Qb3 Rac8 28. Qxb7 Bc6 29. Qa6 Bd5 30. h3 Rc2 31. a4 Rd7 32. Ne5 Bxe5 33. Rxe5
Rc6 34. Qb5 Rcxd6 35. Qb8+ Kf7 36. Re3 Rb6 37. Qh8 Rb1+ 38. Kh2 Rb3 39. Qxh7
Rxe3 40. fxe3 Bc6 41. Qh5+ Kf6 42. Qh4+ Kf7 43. Qf4+ Ke8 44. g4 Rb7 45. Kg3 a5
46. Qe5 1-0

[Event "12.PSF-IM"]
[Site "Prague"]
[Date "2016.06.19"]
[Round "1.2"]
[White "Kosanovic, Dragan"]
[Black "Rous, Daniel"]
[Result "0-1"]
[WhiteElo "2359"]
[BlackElo "2208"]
[PlyCount "32"]
[EventDate "2016.06.25"]
[EventType "tourn"]
[EventRounds "9"]
[EventCountry "CZE"]
[EventCategory "3"]
[WhiteClock "0:43:26"]
[BlackClock "0:51:02"]

1. Nf3 Nf6 2. c4 g6 3. Nc3 c5 4. e4 d6 5. d4 cxd4 6. Nxd4 Bg7 7. Be2 O-O 8. O-O
Nc6 9. Be3 Nd7 10. Nc2 Nc5 11. f3 Bxc3 12. bxc3 Qa5 13. Bd2 Bd7 14. Nd4 Rac8
15. Qe1 Rfe8 16. Qh4 Nxd4 0-1

[Event "12.PSF-IM"]
[Site "Prague"]
[Date "2016.06.19"]
[Round "1.3"]
[White "Rakotomaharo, Fy Anatenaina"]
[Black "Frolov, Artur"]
[Result "1-0"]
[WhiteElo "2432"]
[BlackElo "2459"]
[PlyCount "93"]
[EventDate "2016.06.25"]
[EventType "tourn"]
[EventRounds "9"]
[EventCountry "CZE"]
[EventCategory "3"]
[WhiteClock "0:19:45"]
[BlackClock "0:04:50"]

1. d4 Nf6 2. c4 g6 3. Nc3 Bg7 4. e4 d6 5. Be2 O-O 6. Bg5 h6 7. Be3 e5 8. d5 Na6
9. g4 Nc5 10. f3 Ne8 11. b4 Nd7 12. Bd3 a5 13. a3 f5 14. gxf5 gxf5 15. Kd2 f4
16. Bf2 Qg5 17. Bf1 Ndf6 18. h4 Qg6 19. Nge2 Nh5 20. Rg1 Qf7 21. Kc2 Kh8 22.
Bg2 Bf6 23. Qf1 Rg8 24. bxa5 Rxa5 25. Bh3 Rxg1 26. Bxg1 Bxh3 27. Qxh3 Ra8 28.
a4 b6 29. Bf2 Nhg7 30. Nc1 Bd8 31. Nd3 Nf6 32. Nb4 Qd7 33. Qg2 Kh7 34. Nc6 Nfh5
35. Rg1 Qf7 36. c5 bxc5 37. a5 Ng3 38. Bxg3 fxg3 39. Qxg3 Bf6 40. Qg4 Qh5 41.
Qxh5 Nxh5 42. Nb5 Nf4 43. Ra1 Bxh4 44. a6 h5 45. Nxc7 Rc8 46. a7 Bf2 47. Nb8
1-0

[Event "12.PSF-IM"]
[Site "Prague"]
[Date "2016.06.19"]
[Round "1.4"]
[White "Chudinovskikh, Alexander M"]
[Black "Vokoun, Jan"]
[Result "1/2-1/2"]
[WhiteElo "2263"]
[BlackElo "2096"]
[PlyCount "70"]
[EventDate "2016.06.25"]
[EventType "tourn"]
[EventRounds "9"]
[EventCountry "CZE"]
[EventCategory "3"]
[WhiteClock "0:04:05"]
[BlackClock "0:03:39"]

1. d4 b6 2. e4 Bb7 3. Bd3 e6 4. Nf3 Nf6 5. e5 Nd5 6. O-O c5 7. c3 cxd4 8. cxd4
Ba6 9. Re1 Bxd3 10. Qxd3 Be7 11. Nc3 Nxc3 12. bxc3 d5 13. exd6 Qxd6 14. Ne5 O-O
15. Bf4 Qd5 16. c4 Qb7 17. d5 exd5 18. cxd5 Bf6 19. Rad1 Bxe5 20. Rxe5 Nd7 21.
Re7 Qc8 22. d6 Qc6 23. h4 Qa4 24. Bg5 Nc5 25. Qd5 h6 26. Rd4 Qc2 27. Rxf7 Rxf7
28. Qxa8+ Kh7 29. Be3 Qxa2 30. d7 Qb1+ 31. Kh2 Nxd7 32. Qd5 Re7 33. Qd6 Rf7 34.
Qd5 Re7 35. Qd6 Rf7 1/2-1/2

[Event "12.PSF-IM"]
[Site "Prague"]
[Date "2016.06.19"]
[Round "1.5"]
[White "Plischki, Sebastian"]
[Black "Burnett, Andrew"]
[Result "1-0"]
[WhiteElo "2385"]
[BlackElo "2210"]
[PlyCount "85"]
[EventDate "2016.06.25"]
[EventType "tourn"]
[EventRounds "9"]
[EventCountry "CZE"]
[EventCategory "3"]
[WhiteClock "0:36:42"]
[BlackClock "0:02:37"]

1. d4 Nf6 2. Nf3 c5 3. d5 d6 4. Nc3 e5 5. e4 a6 6. a4 Nbd7 7. a5 g6 8. Be2 Bg7
9. O-O O-O 10. Bg5 h6 11. Bh4 b5 12. axb6 Nxb6 13. Nd2 Qc7 14. Ra3 Nh7 15. Nc4
Nxc4 16. Bxc4 f5 17. f3 Bf6 18. Bxf6 Nxf6 19. exf5 gxf5 20. f4 e4 21. Qe2 Kh8
22. Nd1 Rg8 23. Ne3 a5 24. Qd2 Kh7 25. Be2 Bd7 26. b3 Qb6 27. Nc4 Qb4 28. c3
Qb7 29. Nxd6 Qxd5 30. Qxd5 Nxd5 31. Bc4 Ne3 32. Bxg8+ Rxg8 33. Rf2 Be6 34. c4
Nd1 35. Rd2 Nc3 36. Rc2 Nd1 37. Ra1 Ne3 38. Re2 Ng4 39. Rxa5 Rb8 40. h3 Nf6 41.
Rxc5 Rxb3 42. Nxf5 Nd7 43. Ra5 1-0

[Event "12.PSF-IM"]
[Site "Prague"]
[Date "2016.06.20"]
[Round "2.1"]
[White "Vavra, Pavel"]
[Black "Burnett, Andrew"]
[Result "1-0"]
[WhiteElo "2366"]
[BlackElo "2210"]
[PlyCount "81"]
[EventDate "2016.06.25"]
[EventType "tourn"]
[EventRounds "9"]
[EventCountry "CZE"]
[EventCategory "3"]
[WhiteClock "0:02:06"]
[BlackClock "0:30:18"]

1. d4 Nf6 2. Bg5 c5 3. Nc3 cxd4 4. Qxd4 Nc6 5. Qh4 d6 6. e4 Bd7 7. O-O-O Rc8 8.
f4 Qa5 9. Bxf6 gxf6 10. Bc4 Qc5 11. Bb3 Nd4 12. Nf3 Nxb3+ 13. axb3 Rg8 14. Rd2
Rg4 15. Qxh7 Rxf4 16. h3 f5 17. e5 Rxf3 18. gxf3 Qxe5 19. Rg1 Rxc3 20. bxc3
Qxc3 21. Rdd1 Be6 22. Kb1 Qxf3 23. Rd3 Qf2 24. Rg8 Qe1+ 25. Kb2 Qe5+ 26. Ka2
Qa5+ 27. Kb1 Qe1+ 28. Ka2 Qa5+ 29. Kb2 Qe5+ 30. Rc3 Qf6 31. Rh8 Qg6 32. Qh4 Qg7
33. Qa4+ Bd7 34. Rxf8+ Kxf8 35. Qxd7 Qe5 36. Qxb7 d5 37. Qc7 Qe4 38. Qxa7 e5
39. Qb8+ Kg7 40. Rg3+ Kf6 41. Qd6# 1-0

[Event "12.PSF-IM"]
[Site "Prague"]
[Date "2016.06.20"]
[Round "2.2"]
[White "Vokoun, Jan"]
[Black "Plischki, Sebastian"]
[Result "1/2-1/2"]
[WhiteElo "2096"]
[BlackElo "2385"]
[PlyCount "125"]
[EventDate "2016.06.25"]
[EventType "tourn"]
[EventRounds "9"]
[EventCountry "CZE"]
[EventCategory "3"]
[WhiteClock "0:09:54"]
[BlackClock "0:22:02"]

1. e4 e5 2. Bc4 Nc6 3. Nc3 Nf6 4. d3 Na5 5. Nge2 Be7 6. h3 c6 7. O-O O-O 8. Bb3
Nxb3 9. axb3 d5 10. Ng3 Be6 11. Qf3 Qd7 12. Re1 d4 13. Nce2 g6 14. Bh6 Rfd8 15.
Nf1 Ne8 16. Qg3 f6 17. f4 exf4 18. Nxf4 Bd6 19. h4 Bc7 20. Qf2 Bf7 21. Ne2 a5
22. Nh2 c5 23. Qf3 Ra6 24. Bf4 Kg7 25. Rf1 Be6 26. Bxc7 Qxc7 27. h5 Qe5 28.
hxg6 hxg6 29. Nf4 Bc8 30. Qg3 Qg5 31. Qxg5 fxg5 32. Ne2 g4 33. Rf4 Nf6 34. Raf1
Re8 35. Ng3 Re7 36. R1f2 b5 37. Nhf1 Bd7 38. Nd2 Ng8 39. Re2 Nh6 40. Rf1 Nf7
41. Ra1 Ne5 42. Ree1 Be6 43. Kf2 Rea7 44. Ke2 a4 45. bxa4 Rxa4 46. Rxa4 Rxa4
47. Ndf1 Ra2 48. Rb1 Kf6 49. Kd2 c4 50. Ne2 Nc6 51. Ke1 Ke5 52. Nfg3 Nb4 53.
Kd2 Nc6 54. Nh1 b4 55. dxc4 Bxc4 56. Nc1 Ra7 57. Nf2 g3 58. Ncd3+ Bxd3 59.
Nxd3+ Kxe4 60. Rf1 g5 61. Rf3 Ne5 62. Nxe5 Kxe5 63. Rxg3 1/2-1/2

[Event "12.PSF-IM"]
[Site "Prague"]
[Date "2016.06.20"]
[Round "2.3"]
[White "Frolov, Artur"]
[Black "Chudinovskikh, Alexander M"]
[Result "1-0"]
[WhiteElo "2459"]
[BlackElo "2263"]
[PlyCount "57"]
[EventDate "2016.06.25"]
[EventType "tourn"]
[EventRounds "9"]
[EventCountry "CZE"]
[EventCategory "3"]
[WhiteClock "0:32:59"]
[BlackClock "0:49:22"]

1. e4 e5 2. Nf3 Nc6 3. Bb5 a6 4. Ba4 Nf6 5. O-O Be7 6. Re1 b5 7. Bb3 O-O 8. a4
b4 9. d3 d6 10. a5 Be6 11. Nbd2 Rb8 12. Bc4 Qc8 13. c3 h6 14. Qa4 Qb7 15. Bxe6
fxe6 16. d4 Nd7 17. d5 exd5 18. exd5 Nc5 19. Qxc6 Qc8 20. Ne4 Rxf3 21. Nxc5
dxc5 22. gxf3 Bd6 23. Re4 Qh3 24. Qxa6 bxc3 25. bxc3 Qxf3 26. Qc4 Rf8 27. Qe2
Qh3 28. c4 Rf6 29. Ra3 1-0

[Event "12.PSF-IM"]
[Site "Prague"]
[Date "2016.06.20"]
[Round "2.4"]
[White "Rous, Daniel"]
[Black "Rakotomaharo, Fy Anatenaina"]
[Result "1/2-1/2"]
[WhiteElo "2208"]
[BlackElo "2432"]
[PlyCount "99"]
[EventDate "2016.06.25"]
[EventType "tourn"]
[EventRounds "9"]
[EventCountry "CZE"]
[EventCategory "3"]
[WhiteClock "0:06:10"]
[BlackClock "0:26:13"]

1. c4 e6 2. Nf3 Nf6 3. d4 Bb4+ 4. Nbd2 d5 5. Qa4+ Nc6 6. a3 Be7 7. e3 O-O 8.
Be2 Bd7 9. Qc2 a5 10. b3 Re8 11. Bb2 Bf8 12. O-O Na7 13. Ne5 b6 14. Ndf3 Bc8
15. Ng5 Re7 16. Ng4 Ne4 17. Nxe4 dxe4 18. Qxe4 Rb8 19. Ne5 Bb7 20. Qh4 Re8 21.
Qh3 f6 22. Bd3 g6 23. Ng4 Bg7 24. f4 f5 25. Ne5 Nc8 26. Rad1 Qe7 27. g4 fxg4
28. Qxg4 Nd6 29. Qh3 Ne4 30. d5 exd5 31. cxd5 Ng5 32. Qg3 Bxd5 33. Bb5 Ne4 34.
Qg2 Bxe5 35. Rxd5 Bxb2 36. Qxb2 Qf6 37. Re5 Red8 38. Qe2 Nd6 39. Bc4+ Kh8 40.
Re6 Qg7 41. Rc1 Re8 42. Rxe8+ Rxe8 43. Bd5 Nf5 44. e4 c6 45. Bxc6 Nd4 46. Qd3
Rc8 47. Rc4 Nxc6 48. Rxc6 Rxc6 49. Qd8+ Qg8 50. Qd4+ 1/2-1/2

[Event "12.PSF-IM"]
[Site "Prague"]
[Date "2016.06.20"]
[Round "2.5"]
[White "Lyell, Mark"]
[Black "Kosanovic, Dragan"]
[Result "1/2-1/2"]
[WhiteElo "2252"]
[BlackElo "2359"]
[PlyCount "99"]
[EventDate "2016.06.25"]
[EventType "tourn"]
[EventRounds "9"]
[EventCountry "CZE"]
[EventCategory "3"]
[WhiteClock "0:25:57"]
[BlackClock "0:25:15"]

1. e4 c5 2. Nf3 Nc6 3. Bb5 e6 4. Bxc6 bxc6 5. b3 d6 6. e5 dxe5 7. Nxe5 Qd4 8.
Nc4 Qxa1 9. Nc3 Ba6 10. O-O Bxc4 11. bxc4 Nf6 12. Qf3 Rc8 13. Ba3 Qxf1+ 14.
Kxf1 Be7 15. Na4 Nd7 16. Qc3 O-O 17. Qa5 Rfd8 18. d3 h6 19. Nxc5 Nxc5 20. Bxc5
Bxc5 21. Qxc5 Rd7 22. a4 g6 23. h4 h5 24. a5 Rb7 25. Ke2 Kg7 26. a6 Rd7 27. Kf3
f6 28. Ke2 Kf7 29. Kd2 Kg7 30. Kc3 Kf7 31. f3 e5 32. g4 hxg4 33. fxg4 Ke6 34.
h5 gxh5 35. gxh5 Rcc7 36. h6 Kf5 37. Qg1 Rh7 38. Qe3 c5 39. Qh3+ Kg5 40. Qe3+
Kg6 41. Qh3 Rxh6 42. Qg4+ Kf7 43. Qf5 Rh8 44. Kd2 Ke7 45. Qg6 Rf8 46. Qg7+ Rf7
47. Qg8 Rf8 48. Qg7+ Rf7 49. Qg8 Rf8 50. Qg7+ 1/2-1/2

[Event "12.PSF-IM"]
[Site "Prague"]
[Date "2016.06.20"]
[Round "3.1"]
[White "Kosanovic, Dragan"]
[Black "Vavra, Pavel"]
[Result "0-1"]
[WhiteElo "2359"]
[BlackElo "2366"]
[PlyCount "70"]
[EventDate "2016.06.25"]
[EventType "tourn"]
[EventRounds "9"]
[EventCountry "CZE"]
[EventCategory "3"]
[WhiteClock "0:02:53"]
[BlackClock "0:02:06"]

1. d4 d5 2. c4 c6 3. Nf3 e6 4. e3 f5 5. Bd3 Nf6 6. O-O Bd6 7. b3 Qe7 8. Bb2 O-O
9. Qc1 Ne4 10. Ba3 b6 11. Bxd6 Qxd6 12. Qa3 c5 13. Ne5 Nc6 14. Nxc6 Qxc6 15.
cxd5 exd5 16. f3 Nd6 17. Nd2 c4 18. bxc4 dxc4 19. Rfc1 b5 20. Bc2 Bb7 21. e4
fxe4 22. fxe4 Rae8 23. d5 Qb6+ 24. Kh1 Rf2 25. Rd1 b4 26. Qa4 Re7 27. Rac1 c3
28. Nf3 Nxe4 29. Bxe4 Rxe4 30. d6 Rxf3 31. gxf3 Re1+ 32. Kg2 Qg1+ 33. Kh3 Qf1+
34. Kh4 Qf2+ 35. Kg5 Re5+ 0-1

[Event "12.PSF-IM"]
[Site "Prague"]
[Date "2016.06.20"]
[Round "3.2"]
[White "Rakotomaharo, Fy Anatenaina"]
[Black "Lyell, Mark"]
[Result "1-0"]
[WhiteElo "2432"]
[BlackElo "2252"]
[PlyCount "105"]
[EventDate "2016.06.25"]
[EventType "tourn"]
[EventRounds "9"]
[EventCountry "CZE"]
[EventCategory "3"]
[WhiteClock "0:45:12"]
[BlackClock "0:18:08"]

1. d4 e6 2. c4 f5 3. Nc3 Nf6 4. e3 b6 5. Bd3 Bb7 6. f3 c5 7. Nge2 Nc6 8. O-O
Bd6 9. d5 Ne5 10. e4 Nxd3 11. Qxd3 Qb8 12. g3 fxe4 13. Nxe4 O-O 14. Nxd6 Qxd6
15. Bf4 e5 16. Bg5 b5 17. b3 b4 18. g4 Rae8 19. Bxf6 Qxf6 20. Ng3 d6 21. a3 a5
22. axb4 axb4 23. Ra7 Rf7 24. Kg2 Ref8 25. h4 Bc8 26. Rxf7 Qxf7 27. Ne4 Qf4 28.
Qd2 Qxd2+ 29. Nxd2 Kf7 30. Ra1 Rd8 31. Ne4 Ke7 32. h5 Rd7 33. Ra8 Rc7 34. Kg3
h6 35. Kh4 Kd7 36. Kg3 Ke7 37. f4 exf4+ 38. Kxf4 Kd7 39. Ng3 Ke7 40. Nf5+ Bxf5
41. Kxf5 Kf7 42. Ra6 Rd7 43. Rb6 Re7 44. Rxd6 Re3 45. Rd7+ Kf8 46. Rc7 Rxb3 47.
Rxc5 Rf3+ 48. Ke6 Re3+ 49. Kd6 Re4 50. Rc8+ Kf7 51. c5 Rxg4 52. c6 g6 53. c7
1-0

[Event "12.PSF-IM"]
[Site "Prague"]
[Date "2016.06.20"]
[Round "3.3"]
[White "Chudinovskikh, Alexander M"]
[Black "Rous, Daniel"]
[Result "1/2-1/2"]
[WhiteElo "2263"]
[BlackElo "2208"]
[PlyCount "132"]
[EventDate "2016.06.25"]
[EventType "tourn"]
[EventRounds "9"]
[EventCountry "CZE"]
[EventCategory "3"]
[WhiteClock "0:04:37"]
[BlackClock "0:03:44"]

1. d4 Nf6 2. Nf3 g6 3. g3 Bg7 4. Bg2 O-O 5. O-O d5 6. c4 c6 7. cxd5 cxd5 8. Ne5
Nc6 9. Nc3 e6 10. Bf4 Nd7 11. Nxd7 Bxd7 12. Be3 Qe7 13. Qd2 Rfc8 14. Rac1 Qb4
15. Rfd1 Bf8 16. a3 Qb3 17. Nb1 Ne7 18. Bf4 Nf5 19. Be5 Bh6 20. Bf4 Bxf4 21.
gxf4 Nd6 22. Qb4 Qxb4 23. axb4 Ba4 24. Rf1 Nc4 25. e4 dxe4 26. Bxe4 Nd6 27. Bg2
Bc6 28. Nc3 Bxg2 29. Kxg2 Rc4 30. d5 Re8 31. Rfd1 Nf5 32. dxe6 Rxe6 33. Nd5
Rxc1 34. Rxc1 Rd6 35. Rc8+ Kg7 36. Nc7 Rd4 37. Ne8+ Kh6 38. Rc7 Rxb4 39. Rxf7
Re4 40. Rxh7+ Kxh7 41. Nf6+ Kg7 42. Nxe4 a5 43. Kf3 Kh6 44. Nf6 Nd6 45. Ng4+
Kh5 46. Ne5 a4 47. Ke3 b5 48. Kd3 b4 49. Kc2 a3 50. b3 Nb5 51. Nc6 Kg4 52. Nxb4
Kxf4 53. Nc6 Kf3 54. b4 Kxf2 55. Kb3 Kg2 56. h4 Kh3 57. Ne5 Kxh4 58. Nxg6+ Kg5
59. Ne7 Kf6 60. Nd5+ Ke6 61. Ne3 Kd7 62. Nc2 Kc6 63. Nxa3 Nxa3 64. Kxa3 Kb5 65.
Kb3 Kb6 66. Kc4 Kc6 1/2-1/2

[Event "12.PSF-IM"]
[Site "Prague"]
[Date "2016.06.20"]
[Round "3.4"]
[White "Plischki, Sebastian"]
[Black "Frolov, Artur"]
[Result "1/2-1/2"]
[WhiteElo "2385"]
[BlackElo "2459"]
[PlyCount "56"]
[EventDate "2016.06.25"]
[EventType "tourn"]
[EventRounds "9"]
[EventCountry "CZE"]
[EventCategory "3"]
[WhiteClock "1:23:52"]
[BlackClock "0:59:11"]

1. d4 d5 2. c4 e6 3. Nc3 Nf6 4. Bg5 Nbd7 5. e3 Be7 6. Nf3 O-O 7. Rc1 c6 8. Bd3
dxc4 9. Bxc4 b5 10. Bd3 Bb7 11. O-O a6 12. a4 Rc8 13. Bxf6 Nxf6 14. Ne4 Nxe4
15. Bxe4 Bd6 16. axb5 axb5 17. Qe2 Qe7 18. h3 g6 19. Rc2 c5 20. Bxb7 Qxb7 21.
dxc5 Rxc5 22. Rfc1 Rfc8 23. Rxc5 Rxc5 24. Rxc5 Bxc5 25. Qd3 Be7 26. Nd4 Bf6 27.
Qxb5 Qxb5 28. Nxb5 Bxb2 1/2-1/2

[Event "12.PSF-IM"]
[Site "Prague"]
[Date "2016.06.20"]
[Round "3.5"]
[White "Burnett, Andrew"]
[Black "Vokoun, Jan"]
[Result "0-1"]
[WhiteElo "2210"]
[BlackElo "2096"]
[PlyCount "84"]
[EventDate "2016.06.25"]
[EventType "tourn"]
[EventRounds "9"]
[EventCountry "CZE"]
[EventCategory "3"]
[WhiteClock "0:57:13"]
[BlackClock "0:24:34"]

1. d4 b6 2. e4 Bb7 3. Bd3 e6 4. Nf3 c5 5. O-O cxd4 6. Nxd4 Nc6 7. Be3 Nf6 8.
Qe2 a6 9. Nc3 b5 10. Nxc6 Bxc6 11. e5 b4 12. exf6 bxc3 13. bxc3 Qxf6 14. Bd4
Qg5 15. f4 Qa5 16. f5 Bc5 17. Qg4 Qxc3 18. Bxc5 Qxc5+ 19. Kh1 g6 20. Rae1 gxf5
21. Rxf5 Qc3 22. Rfe5 h5 23. Qg7 O-O-O 24. Qg3 Bb7 25. Bxa6 Qxg3 26. Bxb7+ Kxb7
27. hxg3 Kc6 28. R5e3 Kd6 29. a4 Rc8 30. Rd1+ Ke7 31. Rb3 Rxc2 32. Rb7 Rd8 33.
a5 Ra2 34. Ra7 e5 35. Rb1 Ke6 36. Rb6+ d6 37. Rbb7 f5 38. Rf7 Rc8 39. Rae7+ Kd5
40. Rxf5 Rc1+ 41. Kh2 Raa1 42. g4 h4 0-1

[Event "12.PSF-IM"]
[Site "Prague"]
[Date "2016.06.21"]
[Round "4.1"]
[White "Vavra, Pavel"]
[Black "Vokoun, Jan"]
[Result "1-0"]
[WhiteElo "2366"]
[BlackElo "2096"]
[PlyCount "69"]
[EventDate "2016.06.25"]
[EventType "tourn"]
[EventRounds "9"]
[EventCountry "CZE"]
[EventCategory "3"]

1. d4 Nf6 2. Bg5 c5 3. d5 Qb6 4. Nc3 h6 5. Bc1 e6 6. e4 exd5 7. exd5 d6 8. Nf3
Be7 9. Nd2 a6 10. a4 Nbd7 11. Nc4 Qc7 12. Bf4 Nb6 13. Ne3 g6 14. h3 Nh5 15. Bh2
O-O 16. Bd3 Re8 17. O-O Bf8 18. Qf3 Bd7 19. g4 Ng7 20. Ne4 Be7 21. a5 Nc8 22.
Qf4 f5 23. gxf5 gxf5 24. Qxh6 fxe4 25. Bxe4 Bf6 26. Bh7+ Kf7 27. Qg6+ Ke7 28.
Rfe1 Rf8 29. Ng4+ Kd8 30. Nxf6 Bf5 31. Qg5 Qf7 32. Ne8+ Kd7 33. Qxg7 Bxh7 34.
Nf6+ Kc7 35. Qxh7 1-0

[Event "12.PSF-IM"]
[Site "Prague"]
[Date "2016.06.21"]
[Round "4.2"]
[White "Frolov, Artur"]
[Black "Burnett, Andrew"]
[Result "1-0"]
[WhiteElo "2459"]
[BlackElo "2210"]
[PlyCount "75"]
[EventDate "2016.06.25"]
[EventType "tourn"]
[EventRounds "9"]
[EventCountry "CZE"]
[EventCategory "3"]
[WhiteClock "0:15:36"]
[BlackClock "0:14:56"]

1. e4 c5 2. Nf3 d6 3. d4 Nf6 4. Nc3 cxd4 5. Nxd4 Nc6 6. Bc4 g6 7. O-O Bg7 8.
Nb3 O-O 9. Kh1 a6 10. a4 Bd7 11. f4 Rc8 12. Bd3 Na5 13. Nxa5 Qxa5 14. Bd2 Qh5
15. Qxh5 Nxh5 16. Nd5 Rfe8 17. Nb6 Rc7 18. Nxd7 Rxd7 19. Rab1 e5 20. fxe5 Bxe5
21. b4 d5 22. exd5 Rxd5 23. Rbe1 Rc8 24. Rf3 b5 25. axb5 axb5 26. Rfe3 f6 27.
Re4 Ng7 28. g4 Bd6 29. Ra1 f5 30. gxf5 Nxf5 31. Ra7 Nd4 32. Bh6 Nc6 33. Rg7+
Kh8 34. Rd7 Nb8 35. Rb7 Nc6 36. Bxb5 Ne5 37. c4 Rd1+ 38. Kg2 1-0

[Event "12.PSF-IM"]
[Site "Prague"]
[Date "2016.06.21"]
[Round "4.3"]
[White "Rous, Daniel"]
[Black "Plischki, Sebastian"]
[Result "1-0"]
[WhiteElo "2208"]
[BlackElo "2385"]
[PlyCount "61"]
[EventDate "2016.06.25"]
[EventType "tourn"]
[EventRounds "9"]
[EventCountry "CZE"]
[EventCategory "3"]
[WhiteClock "0:20:02"]
[BlackClock "0:08:43"]

1. Nf3 Nf6 2. c4 g6 3. Nc3 Bg7 4. g3 O-O 5. Bg2 c6 6. O-O d5 7. cxd5 cxd5 8. d4
Ne4 9. Qb3 Nxc3 10. bxc3 Nc6 11. Nd2 e6 12. Ba3 Re8 13. e4 Na5 14. Qc2 b6 15.
e5 Ba6 16. Rfe1 Rc8 17. Re3 Qd7 18. f4 Nc4 19. Nxc4 Rxc4 20. Qf2 Bb5 21. g4
Rec8 22. Bb2 f6 23. exf6 Bxf6 24. Rae1 Bxd4 25. cxd4 Rc2 26. Qh4 Rxb2 27. Rxe6
Qg7 28. Re7 Qxd4+ 29. Kh1 h5 30. Qg5 Bd3 31. Bxd5+ 1-0

[Event "12.PSF-IM"]
[Site "Prague"]
[Date "2016.06.21"]
[Round "4.4"]
[White "Lyell, Mark"]
[Black "Chudinovskikh, Alexander M"]
[Result "0-1"]
[WhiteElo "2252"]
[BlackElo "2263"]
[PlyCount "105"]
[EventDate "2016.06.25"]
[EventType "tourn"]
[EventRounds "9"]
[EventCountry "CZE"]
[EventCategory "3"]
[BlackClock "0:07:27"]

1. e4 d5 2. exd5 Nf6 3. d4 Nxd5 4. c4 Nb6 5. c5 Nd5 6. Bc4 c6 7. Nc3 g6 8. Qb3
Bg7 9. Nxd5 cxd5 10. Bxd5 O-O 11. Bxb7 Bxb7 12. Qxb7 Qxd4 13. Qxa8 Rd8 14. Be3
Qxb2 15. Rc1 Qb4+ 16. Kf1 Qb5+ 17. Ne2 Nc6 18. Qxd8+ Nxd8 19. f3 Nc6 20. Kf2
Qa4 21. Rhd1 Qxa2 22. Rd2 Qb3 23. Rcd1 h5 24. Rd3 Qc4 25. Nf4 Be5 26. Rc1 Qa4
27. g3 Qb5 28. Rd2 Kg7 29. Nd3 Bf6 30. f4 a5 31. Ne5 Bxe5 32. fxe5 a4 33. Ra2
Nb4 34. Ra3 Kh7 35. Kg1 Nc6 36. e6 fxe6 37. Rca1 Ne5 38. Rxa4 Qe2 39. Bf2 Ng4
40. R4a2 Qf3 41. Re1 e5 42. Rae2 Qc3 43. Be3 e4 44. Kf1 Ne5 45. Rc1 Qa3 46. c6
Ng4 47. Bf4 Qf3+ 48. Ke1 e3 49. Bxe3 Ne5 50. c7 Nd3+ 51. Kd2 Nxc1 52. c8=Q
Qxe2+ 53. Kxc1 0-1

[Event "12.PSF-IM"]
[Site "Prague"]
[Date "2016.06.21"]
[Round "4.5"]
[White "Kosanovic, Dragan"]
[Black "Rakotomaharo, Fy Anatenaina"]
[Result "0-1"]
[WhiteElo "2359"]
[BlackElo "2432"]
[PlyCount "76"]
[EventDate "2016.06.25"]
[EventType "tourn"]
[EventRounds "9"]
[EventCountry "CZE"]
[EventCategory "3"]
[WhiteClock "0:13:42"]
[BlackClock "0:03:53"]

1. d4 Nf6 2. c4 e6 3. Nf3 d5 4. Nc3 c6 5. e3 Nbd7 6. Qc2 Bd6 7. b3 b6 8. Bd3
Bb7 9. O-O O-O 10. Bb2 c5 11. cxd5 exd5 12. Rfd1 Qe7 13. Rac1 a6 14. Ne2 Ne4
15. Ng3 f5 16. Qe2 Qe6 17. Rc2 Ndf6 18. Qe1 Ng4 19. Nf1 Rac8 20. Rdc1 f4 21. h3
Nh6 22. a4 fxe3 23. fxe3 Rxf3 24. gxf3 Ng5 25. Be2 Nf5 26. f4 Nxh3+ 27. Kh1 Qh6
28. Bd1 Nf2+ 29. Kg2 Nd3 30. Qe2 c4 31. Qg4 Rf8 32. Kg1 Nxc1 33. Bxc1 Qe6 34.
Rg2 Rf6 35. Bc2 g6 36. Qg5 Be7 37. Qg4 Bc8 38. Nh2 Nxe3 0-1

[Event "12.PSF-IM"]
[Site "Prague"]
[Date "2016.06.22"]
[Round "5.1"]
[White "Rakotomaharo, Fy Anatenaina"]
[Black "Vavra, Pavel"]
[Result "0-1"]
[WhiteElo "2432"]
[BlackElo "2366"]
[PlyCount "114"]
[EventDate "2016.06.25"]
[EventType "tourn"]
[EventRounds "9"]
[EventCountry "CZE"]
[EventCategory "3"]
[WhiteClock "0:04:42"]
[BlackClock "0:04:38"]

1. d4 d5 2. c4 c6 3. Nc3 Nf6 4. e3 e6 5. Nf3 Nbd7 6. Qc2 b6 7. Be2 Bb7 8. O-O
dxc4 9. Bxc4 c5 10. Qe2 a6 11. a4 Qc7 12. Rd1 Bd6 13. d5 exd5 14. Nxd5 Nxd5 15.
Bxd5 Bxd5 16. Rxd5 Nf6 17. Rf5 Qc6 18. Qc4 O-O 19. b3 b5 20. Qh4 Qd7 21. g4 Ne4
22. Bb2 g6 23. Ng5 Nxg5 24. Qxg5 Be7 25. Rf6 Rfe8 26. axb5 axb5 27. Rxa8 Rxa8
28. Qe5 Qxg4+ 29. Kf1 Qd1+ 30. Kg2 Qg4+ 31. Kf1 Bxf6 32. Qxf6 Qd1+ 33. Kg2 Qg4+
34. Kf1 Qd1+ 35. Kg2 Qd5+ 36. e4 Qxe4+ 37. f3 Qe2+ 38. Kg3 Qe1+ 39. Kg2 Qd2+
40. Kg3 Qe1+ 41. Kg2 Qd2+ 42. Kh3 Kf8 43. Qh8+ Ke7 44. Qxa8 Qxb2 45. Qb7+ Kf6
46. Qxb5 Qf2 47. Qb7 h5 48. Qd5 g5 49. Qd8+ Kf5 50. Qd5+ Kg6 51. Qe4+ Kh6 52.
Qd3 h4 53. Qc3 Kg6 54. Qd3+ f5 55. Qd6+ Kh5 56. Qd1 Qd4 57. Qc2 Qg1 0-1

[Event "12.PSF-IM"]
[Site "Prague"]
[Date "2016.06.22"]
[Round "5.3"]
[White "Plischki, Sebastian"]
[Black "Lyell, Mark"]
[Result "1/2-1/2"]
[WhiteElo "2385"]
[BlackElo "2252"]
[PlyCount "95"]
[EventDate "2016.06.25"]
[EventType "tourn"]
[EventRounds "9"]
[EventCountry "CZE"]
[EventCategory "3"]
[WhiteClock "0:41:56"]
[BlackClock "0:08:07"]

1. Nf3 f5 2. g3 Nf6 3. c4 b6 4. Bg2 Bb7 5. O-O e6 6. d4 Be7 7. Nc3 O-O 8. d5
Na6 9. Nd4 Bc5 10. Rb1 Qe8 11. a3 Qh5 12. b4 Bxd4 13. Qxd4 e5 14. Qd3 d6 15. e4
Bc8 16. Rb2 Nb8 17. f3 a5 18. Nb5 Rf7 19. Re1 Na6 20. Nc3 Bd7 21. Nd1 fxe4 22.
fxe4 Bh3 23. Bxh3 Qxh3 24. Nf2 Qd7 25. Kg2 Ng4 26. Nd1 h6 27. h3 Nf6 28. Nf2
Qa4 29. Bd2 axb4 30. axb4 Nb8 31. Qc3 Rf8 32. Rbb1 Qe8 33. Ra1 Rxa1 34. Rxa1
Qg6 35. Qd3 Nbd7 36. Ra7 Ne8 37. Be3 Ndf6 38. c5 bxc5 39. bxc5 Nh5 40. Ng4 Nxg3
41. Kxg3 h5 42. cxd6 hxg4 43. hxg4 Nxd6 44. Ra4 Qh7 45. Kg2 Qg6 46. Kg3 Ne8 47.
Qa6 Nd6 48. Qd3 1/2-1/2